O public relations zasa inak

Vznik a vývoj public relations agentúr. PR na Slovensku. PR manažéri.

Gespeichert in:
Bibliographische Detailangaben
1. Verfasser: Žáry, Ivan
Format: Buchkapitel
Sprache:Slowakisch
Schlagworte:
Tags: Tag hinzufügen
Keine Tags, Fügen Sie das erste Tag hinzu!

MARC

LEADER 00000naa a2200000 4500
001 r047863
005 20231004100509.0
041 0 |a slo 
044 |a CZ 
245 1 0 |a O public relations zasa inak  |c Ivan Žáry 
520 |a Vznik a vývoj public relations agentúr. PR na Slovensku. PR manažéri. 
610 2 0 |a mienka verejná 
610 2 0 |a agentúry 
610 2 0 |a komunikácia 
610 2 0 |a história 
610 2 0 |a vzťahy spoločenské 
100 1 |a Žáry, Ivan